Statistiques concernant N'oubliez pas les paroles! #5

Cliquez ici pour prendre le quiz!

Statistiques générales

  • Ce quiz a été pris 1 977 fois
  • Le résultat moyen est 15 sur 36

Réponses sur la Carte

Les réponses sont colorées sur une échelle allant du rouge au vert en fonction du pourcentage des utilisateurs qui les ont devinées à leur premier essai. Vous pouvez retrouver ces pourcentages ci-dessous.
 

Statistiques - réponses

ChansonMot% Correct
Chanson 5d
83%
Chanson 4d
83%
Chanson 5il
82%
Chanson 5il
82%
Chanson 5qu
80%
Chanson 3des
67%
Chanson 4des
67%
Chanson 4des
67%
Chanson 1mes
59%
Chanson 3on
59%
Chanson 5était
58%
Chanson 3défendus
53%
Chanson 5patriote
49%
Chanson 3vit
44%
Chanson 3toujours
42%
Chanson 3moments
41%
Chanson 4les
39%
Chanson 5pour
35%
Chanson 5notes
33%
Chanson 5quelque
33%
Chanson 5au
29%
Chanson 1enfants
28%
Chanson 4Afrique
27%
Chanson 5honneur
23%
Chanson 5champ
22%
Chanson 5mort
22%
Chanson 5s’rait
21%
Chanson 4torrents
19%
Chanson 4rêves
17%
Chanson 2universelle
17%
Chanson 4magique
16%
Chanson 4ont
16%
Chanson 4remous
15%
Chanson 2comète
14%
Chanson 4brisé
13%
Chanson 2humaine
12%

Distribution des résultats

Percentile par nombre de réponses

% des personnes avec chaque résultat

Votre développement - résultats

Vous n’avez pas pris ce quiz